|
|
|
|
| LEADER |
00000nam0a2200000 4500 |
| 001 |
268075 |
| 005 |
20231101234132.0 |
| 035 |
|
|
|a (RuTPU)RU\TPU\book\291202
|
| 090 |
|
|
|a 268075
|
| 100 |
|
|
|a 20140826d1987 km y0rusy50 ca
|
| 101 |
0 |
|
|a rus
|
| 102 |
|
|
|a RU
|
| 105 |
|
|
|a a z 001zy
|
| 200 |
1 |
|
|a Они не пропали без вести. Не сломленные фашистской неволей
|f Е. А. Бродский
|
| 210 |
|
|
|a Москва
|c Мысль
|d 1987
|
| 215 |
|
|
|a 461 с.
|c ил.
|
| 320 |
|
|
|a Библиогр.: с. 363-373
|
| 606 |
1 |
|
|a Военнопленные в фашистском плену
|2 stltpush
|3 (RuTPU)RU\TPU\subj\64905
|9 81602
|
| 606 |
1 |
|
|a Советские военнопленные в фашистском плену
|2 stltpush
|3 (RuTPU)RU\TPU\subj\66781
|9 82815
|
| 610 |
1 |
|
|a фашизм
|
| 610 |
1 |
|
|a фашистская оккупация
|
| 610 |
1 |
|
|a Вторая мировая война 1939-1945
|
| 610 |
1 |
|
|a Великая Отечественная война 1941-1945
|
| 610 |
1 |
|
|a военнопленные
|
| 610 |
1 |
|
|a интернациональное сотрудничество
|
| 610 |
1 |
|
|a Нюрнбергский процесс
|
| 686 |
|
|
|a Т3(0)62,6
|v LBC/SL-A
|2 rubbk
|
| 686 |
|
|
|a Т3(2)622,7
|v LBC/SL-A
|2 rubbk
|
| 700 |
|
1 |
|a Бродский
|b Е. А.
|g Ефим Аронович
|
| 801 |
|
1 |
|a RU
|b 63413507
|c 20140826
|
| 801 |
|
2 |
|a RU
|b 63413507
|c 20170217
|g RCR
|
| 942 |
|
|
|c BK
|